000 00695nam a2200229 a 4500
001 BRCA_5247
005 20190320205012.0
008 301110s192u----sp-a######---#000-0#spa-#
041 _aspa
044 _asp
050 4 _aND812
_b.N67 1920
100 1 _aNordau, Max Simon
_d1849-1923
_913445
245 1 0 _aLos grandes maestros del arte español
_cDr. Max Nordau ; traducción directa del alemán Rafael Cansinos-Assens.
260 _aBarcelona
_bCervantes
_c[1920?]
300 _a472 p.
_bil.
_c22 cm.
500 _aE67
650 1 4 _aPintores españoles
_97620
650 1 4 _aPintura española
_97790
700 1 _aCansinos-Assens, Rafael
_eTraductor
_913446
902 _aGFM
942 _2lcc
_cB
999 _c4941
_d4941